000
00304nam a22001337a 4500
003
SGT
082
_a
615.53
_b
P15S
100
_a
SHREE VASTTHPYA, SURESH CHANDRA
245
_a
PANTANJALIYOGA DARSAN
260
_a
VARANASI
_b
CHAUKHAMBHA PUB
_c
2015
300
_a
600.00
650
_a
AYURVEDA
942
_2
ddc
_c
BK
999
_c
8739
_d
8739